Теоретическая фонетика английского языка: учебник для вечерних и заочных отделений педагогических институтов

গ্রন্থ-পঞ্জীর বিবরন
প্রধান লেখক: Леонтьева С. Ф. Светлана Федоровна
ভাষা:ইংরেজি
রুশ
প্রকাশিত: Москва, Высшая школа, 1980
বিষয়গুলি:
বিন্যাস: MixedMaterials গ্রন্থ
KOHA link:https://koha.lib.tpu.ru/cgi-bin/koha/opac-detail.pl?biblionumber=366938

MARC

LEADER 00000nam0a2200000 4500
001 366938
005 20231102011931.0
035 |a (RuTPU)RU\TPU\retro\24301 
090 |a 366938 
100 |a 20220224d1980 m y0rusy50 ca 
101 0 |a eng  |a rus 
102 |a RU 
105 |a a j 000zy 
200 1 |a Теоретическая фонетика английского языка  |e учебник для вечерних и заочных отделений педагогических институтов  |f С. Ф. Леонтьева  |d Atheoretical course of english phonetics 
210 |a Москва  |c Высшая школа  |d 1980 
215 |a 272 с.  |c ил. 
320 |a Библиогр.: с. 268-269 
510 1 |a Atheoretical course of english phonetics  |z eng 
606 1 |a Английский язык  |x Учебные руководства и пособия для высшей школы  |x Пособия по фонетике  |2 stltpush  |3 (RuTPU)RU\TPU\subj\29072  |9 52484 
606 1 |a Английский язык  |x Учебные руководства и пособия для заочного обучения  |2 stltpush  |3 (RuTPU)RU\TPU\subj\29077  |9 52489 
610 1 |a фонетическая система 
610 1 |a фонетическая структура 
610 1 |a фонетические навыки 
610 1 |a произношение 
610 1 |a артиллерия 
610 1 |a интонационные системы 
610 1 |a сравнительная фонетика 
686 |a Ш143.21-923.1  |v LBC/SL-A  |2 rubbk 
686 |a Ш143.21-98  |v LBC/SL-A  |2 rubbk 
700 1 |a Леонтьева  |b С. Ф.  |g Светлана Федоровна 
801 1 |a RU  |b 63413507  |c 20220224 
942 |c BK